000 00327 a2200145 4500
001 154491
040 _cEscola São Tomás de Aquino
100 _aCRUZ, Therezinha M. L. da
240 1 0 _aDescobrindo Caminhos
_lpor
245 1 0 _aDescobrindo Caminhos
300 _a48
440 1 _aFTD
697 _aRELIGIÃO
942 _cBK
999 _c154491
_d154491